ACTIVIDAD Y CIENCIA ECONOMICA /

INCLUYE BIBLIOGRAFIA

Gardado en:
Detalles Bibliográficos
Autor Principal: Pazos, Luis (autor)
Formato: Libro
Temas:
Etiquetas: Engadir etiqueta
Sen Etiquetas, Sexa o primeiro en etiquetar este rexistro!

MARC

LEADER 00000nam^a2200000^a^4500
001 000238602
005 20250521000000.0
009 20260310105022.616
035 |a 052526 
037 |a Acervo Xavier Clavigero 
082 |a 330.  |b PAZ 
100 |a Pazos, Luis  |e (autor) 
245 1 0 |a ACTIVIDAD Y CIENCIA ECONOMICA /  |c LUIS A. PAZOS 
264 |a MEXICO :  |b DIANA,  |c 1976 
300 |a 373 p. 
336 |a texto  |b txt  |2 rdacontenido 
337 |a sin mediación  |b n  |2 rdamedio 
338 |a volumen  |b nc  |2 rdasoporte 
520 |a INCLUYE BIBLIOGRAFIA 
649 |a XX 
650 |a Economía 
910 |a Fondo General 
920 |a Impresos - Libros 
930 |a Colección General 
905 |a 101 
901 |a 052526  |b IT1  |c ACC  |i 052526  |u 20250521 
902 |a https://opac.biblio.iteso.mx/vufind/Record/000238602